Advances in cell culture. V 03 (Record no. 40114)

MARC details
000 -LEADER
fixed length control field 00345nam a2200133Ia 4500
082 ## - DEWEY DECIMAL CLASSIFICATION NUMBER
Classification number 57.085.23
Item number ADV.3
245 #0 - TITLE STATEMENT
Title Advances in cell culture. V 03
260 ## - PUBLICATION, DISTRIBUTION, ETC. (IMPRINT)
Place of publication New York
Name of publisher Academic
Year of publication 1984
650 ## - SUBJECT ADDED ENTRY--TOPICAL TERM
Topical Term Cell culture
650 ## - SUBJECT ADDED ENTRY--TOPICAL TERM
Topical Term Flow cytometry
650 ## - SUBJECT ADDED ENTRY--TOPICAL TERM
Topical Term Plant tissue culture
942 ## - ADDED ENTRY ELEMENTS (KOHA)
Koha item type Books
Holdings
Withdrawn status Lost status Damaged status Not for loan Home library Current library Date acquired Full call number Accession Number Koha item type
        RRII Library RRII Library 16/12/2021 57.085.23 ADV.3 20428 Books